<?xml version="1.0" encoding="UTF-8"?>
<record
    xmlns:xsi="http://www.w3.org/2001/XMLSchema-instance"
    xsi:schemaLocation="http://www.loc.gov/MARC21/slim http://www.loc.gov/standards/marcxml/schema/MARC21slim.xsd"
    xmlns="http://www.loc.gov/MARC21/slim">

  <leader>02605cam a22002654a 4500</leader>
  <controlfield tag="001">13731045</controlfield>
  <controlfield tag="003">OSt</controlfield>
  <controlfield tag="005">20230515112311.0</controlfield>
  <controlfield tag="008">040927s2005    flua          001 0 eng  </controlfield>
  <datafield tag="010" ind1=" " ind2=" ">
    <subfield code="a">  2004022739</subfield>
  </datafield>
  <datafield tag="040" ind1=" " ind2=" ">
    <subfield code="a">DLC</subfield>
    <subfield code="c">DLC</subfield>
    <subfield code="d">DLC</subfield>
  </datafield>
  <datafield tag="042" ind1=" " ind2=" ">
    <subfield code="a">pcc</subfield>
  </datafield>
  <datafield tag="050" ind1="0" ind2="0">
    <subfield code="a">HD615.W72</subfield>
  </datafield>
  <datafield tag="100" ind1=" " ind2=" ">
    <subfield code="a">Williams, Jeff</subfield>
    <subfield code="9">1452</subfield>
  </datafield>
  <datafield tag="245" ind1="1" ind2="0">
    <subfield code="a">Skills training and business organization guide : a step by step process for planning and running your own business. /</subfield>
    <subfield code="c">Jeff Williams and Creative Market Solutions, Inc.</subfield>
  </datafield>
  <datafield tag="260" ind1=" " ind2=" ">
    <subfield code="a">Arlington Heights, IL :</subfield>
    <subfield code="b">GO Smart </subfield>
    <subfield code="c">1992.</subfield>
  </datafield>
  <datafield tag="300" ind1=" " ind2=" ">
    <subfield code="a">1 volume (various pagings) :</subfield>
    <subfield code="b">ill. ;</subfield>
  </datafield>
  <datafield tag="490" ind1=" " ind2=" ">
    <subfield code="a">Go Smart Business Strarter Guide</subfield>
  </datafield>
  <datafield tag="505" ind1=" " ind2=" ">
    <subfield code="a">Contents: Introduction -- Orientation: Small business in America -- How big are you thinking -- The new style of entrepreneur -- Employed vs. Self-employed -- The Path to successful start-up -- Motivation analysis -- The Profit path -- Combining business and family -- Overcoming fear -- What goes wrong with businesses -- Gauging your readiness -- Setting goals -- Start-up checklist -- Getting started: Finding a business that's right for you -- Comparing ways to start -- How to know if you have the right business -- Sources of information -- Business owner interview -- Describing your business -- Start-up checklist -- Planning the business: Introduction to business planning -- Setting up shop -- Selecting a business name and address -- Business structure -- Registering with the government -- Start-up checklist -- Marketing: The key ingredient for success -- Getting started in marketing -- Market research -- Demographics - tracking trends -- Creating a marketing strategy -- The Marketing plan -- The Five P's of marketing -- Finding the right people -- Designing the right product -- Choosing the correct location -- Setting your price -- Pricing calculations -- Promotional planning -- The promotional toolkit -- Sales planning -- Customer service -- Start-up checklist -- Financial planning: Collecting on your promises -- Financial estimates -- Finding money -- Managing money -- How to find an accountant -- Tax planning -- Start-up checklist -- Mastering management: Management - protecting the profit -- Becoming a self-organizer -- Time-saving techniques -- Organizing your office -- Hiring employees -- Finding suppliers -- Protecting now and the future -- Start-up checklist -- </subfield>
  </datafield>
  <datafield tag="650" ind1=" " ind2="0">
    <subfield code="a">Restaurant management.</subfield>
    <subfield code="9">1453</subfield>
  </datafield>
  <datafield tag="650" ind1=" " ind2="0">
    <subfield code="a">New business enterprises</subfield>
    <subfield code="x">Management.</subfield>
    <subfield code="9">1454</subfield>
  </datafield>
  <datafield tag="650" ind1=" " ind2="0">
    <subfield code="a">Small business</subfield>
    <subfield code="x">Management.</subfield>
    <subfield code="9">1455</subfield>
  </datafield>
  <datafield tag="710" ind1=" " ind2=" ">
    <subfield code="a">Creative Market Solutions</subfield>
    <subfield code="9">1456</subfield>
  </datafield>
  <datafield tag="942" ind1=" " ind2=" ">
    <subfield code="2">lcc</subfield>
    <subfield code="c">BK</subfield>
  </datafield>
  <datafield tag="999" ind1=" " ind2=" ">
    <subfield code="c">9598</subfield>
    <subfield code="d">17098</subfield>
  </datafield>
  <datafield tag="952" ind1=" " ind2=" ">
    <subfield code="0">0</subfield>
    <subfield code="1">0</subfield>
    <subfield code="2">lcc</subfield>
    <subfield code="4">0</subfield>
    <subfield code="7">0</subfield>
    <subfield code="a">WIUC-KL</subfield>
    <subfield code="b">WIUC-KL</subfield>
    <subfield code="c">GEN</subfield>
    <subfield code="d">2023-03-30</subfield>
    <subfield code="l">0</subfield>
    <subfield code="o">HB615.W72</subfield>
    <subfield code="p">K/3290/0388/23</subfield>
    <subfield code="r">2023-05-10 00:00:00</subfield>
    <subfield code="w">2023-05-10</subfield>
    <subfield code="y">BK</subfield>
  </datafield>
</record>
